000 00546cam a2200205 4500
008 000000n1997 000 0 eng u
020 _a0419227407
035 _a(Sirsi) u109579
100 _aMcIntosh, Angus
245 _aTowns and cities : competing for survival.
260 _aLondon
_bE & F N Spon
_c1997
300 _axvi,169p. : ill. ; 25cm.
350 _a29.50
650 _aURBAN AREAS
650 _aPROPERTY INVESTMENT
650 _aPROPERTY DEVELOPMENT
650 _aPROPERTY MARKET
690 _aREGENERATION
942 _n0
999 _c100952
_d100952